• 首页
  • 本馆介绍
  • 公告通知
  • 最新文献
  • 馆藏检索
  • 电子资源
  • 读者导购
  • 参考咨询
  • 我的图书馆
  • 登录
  • 详细信息显示
  • 放入我的书架
  • 预约/预借图书
  • 作者相关作品
  • 分类相关作品
  • 丛书相关作品
  • 出版社相关作品

书目信息

  • 表格格式
  • 工作单格式
  • 卡片格式
题名:
震撼世界的奇迹
    
 
作者: ;政协抚顺市文史委员会 编
分册:  
出版信息: 北京   中国文史出版社  1990.6
页数: 292页
开本: 20cm
丛书名:
单 册:
中图分类: K270.6 , I251
科图分类:
主题词: 战犯--改造--中国--史料 , 中国--现代史--1949~ , 回忆录--中国--现代
电子资源:
ISBN: 7-5034-0170-2
000 01120nam 2200265 45
001 0191001343
005 20070801115849.29
010    @a7-5034-0170-2@dCNY5.50
100    @a19910114d1990 ekmy0chiy0121 ea
101 0  @achi
102    @aCN@b110000
105    @af z 000zd
200 10 @a震撼世界的奇迹@AZHEN HAN SHI JIE DE QI JI@e改造伪满皇帝溥仪暨日本战犯纪实@EGAI ZAO WEI MAN HUANG DI PU YI JI RI BEN ZHAN FAN JI SHI@f抚顺市政协文史委员会编@FFU SHUN SHI ZHENG XIE WEN SHI WEI YUAN HUI BIAN
210    @a北京@c中国文史出版社@d1990.6
215    @a292页@c照片@d20cm
330    @a本书从管理者的角度,真实记载了伪满皇帝溥仪和日本战犯们思想改造的痛苦历程。
540 1  @a震撼 世界 奇迹 改造 伪满 皇帝 溥仪 日本 战犯 纪实@AZHEN HAN SHI JIE QI JI GAI ZAO WEI MAN HUANG DI PU YI RI BEN ZHAN FAN JISHI
606    @a战犯@x改造@y中国@x史料
606 0  @a中国@x现代史@z1949~
606    @a回忆录@y中国@z现代
690    @aK270.6
690    @aI251@v3
711 02 @a政协抚顺市文史委员会@AZHENG XIE FU SHUN SHI WEN SHI WEI YUAN HUI@4编
801  0 @aCN@bNLC@c20070801
905    @f2@b249554-555@dK270.6@e17
    
    震撼世界的奇迹:改造伪满皇帝溥仪暨日本战犯纪实/抚顺市政协文史委员会编.-北京:中国文史出版社,1990.6
    292页:照片;20cm
    
    
    ISBN 7-5034-0170-2:CNY5.50
    本书从管理者的角度,真实记载了伪满皇帝溥仪和日本战犯们思想改造的痛苦历程。
●
相关链接 在E读中查询图书 在五车中查询图书 在当当中查询图书 在豆瓣中查询图书


正题名:震撼世界的奇迹     索取号:K270.6/17         预约/预借

序号 登录号 条形码 馆藏地/架位号 状态 备注
1 0249554   001581504   第二借阅区/ [索取号:K270.6/17] 在馆    
2 0249555   001581540   第二借阅区/ [索取号:K270.6/17] 在馆    
3 0249556   001581461   第二样本阅览室/ [索取号:K270.6/17] 在馆    
4 0790396   207903964   密集书库/ [索取号:K270.6/17] 在馆    
唐山师范学院图书馆 欢迎您!
大连网信软件有限公司© 版权所有